Statistics for Johnny Cash Songs

Click here to take the quiz!

General Stats

  • This quiz has been taken 709 times
  • The average score is 10 of 19

Answer Stats

HintAnswer% Correct
"I fell into a burning"Ring of Fire
98%
"I keep a close watch on this heart of mine, I keep my eyes wide open all the time"I Walk The Line
87%
"I hear the train a comin' It's rollin' 'round the bend, And I ain't seen the sunshine, Since, I don't know when"Folsom Prison Blues
81%
"And you could have it all My empire of dirt I will let you down"Hurt
78%
"We got married in a fever, hotter than a pepper sprout, We've been talkin' 'bout.."Jackson
72%
"My daddy left home when I was three And he didn't leave much to ma and me Just this old guitar and an empty bottle of booze."A Boy Named Sue
70%
"I wear the black for the poor and the beaten down"Man in Black
67%
"I've been to: Reno, Chicago, Fargo, Minnesota, Buffalo, Toronto, Winslow, Sarasota, Wichita, Tulsa, Ottawa, Oklahoma.."I've Been Everywhere
60%
"Early one mornin' while makin' the rounds I took a shot of cocaine and shot my woman down I went right home and I went to bed I stuck that lovin' forty-four beneath my head."Cocaine Blues
57%
"Everybody knows where you go when the sun goes down. I think you only live to see the lights of town. I wasted my time when I would try, try, try. When the lights have lost their glow"Cry, Cry, Cry
47%
"A Little shoeshine boy never gets low down But he's got the dirtiest job in town Bendin' low at the peoples' feet On the windy corner of the dirty street"Get Rhythm
45%
"I fly a starship across the Universe divide And when I reach the other side I'll find a place to rest my spirit if I can"Highwayman
41%
"Now I taught the weeping willow how to cry And I showed the clouds how to cover up a clear blue sky And the tears that I cried for that woman are gonna flood you"Big River
37%
"Would you tell me the time? How much longer will it be till we cross that Mason Dixon Line? At daylight would ya tell that engineer to slow it down?"Hey Porter
32%
"You wired me awake And hit me with a hand of broken nails You tied my lead and pulled my chain To watch my blood begin to boil But I'm gonna break I'm gonna break my"Rusty Cage
27%
"Six foot six he stood on the ground, He weighed two hundred and thirty-five pounds, But I saw that giant of a man brought down to his knees by love. "A Thing Called Love
23%
"I hate every inch of you. You've cut me and have scarred me thru an' thru. And I'll walk out a wiser weaker man; Mister Congressman why can't you understand."San Quentin
22%
"Well, you ask me if I'll forget my baby, I guess I will, some day. I don't like it"Guess Things Happen That Way
17%
"Cause the prophets wrote about it And Jesus spoke about it And John got to take a look, And he told us what he saw when it's easy to see"Goin' By The Book
4%

Score Distribution

Percentile by Number Answered

Percent of People with Each Score

Your Score History

You have not taken this quiz